000 00924nmm a2200289 a 4500
001 ocm0001411530
003 TR-IsHL
005 20201028163805.0
008 160220s2014 tu tur
007 cr cn
020 _a9786051621630
035 _a1411530
_b(N$T)
050 0 4 _aDR590
_b.Y55 2014
090 0 4 _aDR590
_b.Y55 2014
100 1 _aYıldız, Ahmet
245 1 0 _aKemalizmin iki yüzü
_h[electronic resource] /
_cAhmet Yıldız
260 _aİstanbul :
_bEtkileşim Yayınları,
_c2014
300 _a297 p.
650 4 _aTarih
650 4 _aHistory
650 0 _aAtatürkçülük
650 0 _aKemalism
650 0 _aTürkiye
_xPolitika ve idare
_x1918-1960
650 0 _aTurkey
_xPolitics and government
_x1918-1960
650 7 _aHISTORY / Middle East / Turkey & Ottoman Empire
_2bisacsh
856 4 0 _uhttp://search.ebscohost.com/login.aspx?direct=true&scope=site&db=e011xww&AN=1411530
999 _c15441
_d15441